Bezpečnosť vodíkových technológií a ich využitie v automobilovom priemysle

Salvato in:
Dettagli Bibliografici
Autore principale: Hanuláková, Laura (Autore)
Altri autori: Soldán, Maroš (Relatore della tesi)
Natura: Manoscritto Libro
Lingua:slovacco
Pubblicazione: 2017
Soggetti:
Accesso online:http://is.stuba.sk/zp/portal_zp.pl?podrobnosti=131990
Tags: Aggiungi Tag
Nessun Tag, puoi essere il primo ad aggiungerne!!

MARC

LEADER 00000ntm a22000003a 4500
001 stuzp63187
003 SK-STU
005 20170624212256.5
007 ta
008 150427s2015----xo-----f-mn---000-0-slo-d
040 |a STU  |b slo 
041 0 |a slo 
100 1 |a Hanuláková, Laura  |u 065000  |4 aut  |U MTF Materiálovotechnologická fakulta  |T MTF Ústav integrovanej bezpečnosti  |X 73331  |U M5000  |Y 85  |7 73331 
242 0 1 |a Hydrogen safety and using hydrogen technologies in automotive industry  |y eng 
245 1 0 |a Bezpečnosť vodíkových technológií a ich využitie v automobilovom priemysle 
260 |c 2017 
650 4 |a vodík  |2 slo 
650 4 |a ekologické palivo  |2 slo 
650 4 |a vodíkový generátor  |2 slo 
650 4 |a palivový článok  |2 slo 
650 4 |a bezpečnosť  |2 slo 
650 4 |a hydrogen  |2 eng 
650 4 |a ecological fuel  |2 eng 
650 4 |a hydrogen generator  |2 eng 
650 4 |a fuel cell  |2 eng 
650 4 |a safety  |2 eng 
700 1 |a Soldán, Maroš  |u 065100  |k Z1  |4 ths  |U MTF Ústav integrovanej bezpečnosti  |T MTF Katedra environmentálneho inžinierstva  |X 2878  |U M5100  |Y 194  |7 A000002878 
856 4 |u http://is.stuba.sk/zp/portal_zp.pl?podrobnosti=131990 
996 |c M* BP-8053  |l MMSKP  |s P  |a 0  |w stuzp63187_0001